1572 1903 1344 1479 1873 1473 1805 1377 1022 1347 1706 1916 1372 1762 1104 1664 1685 1993 1379 1145 1235 1897 1802 1162 1667 1239 1003 1543 1116 1844 1674 1898 1073 1389 1362 1705 1153 1636 1876 1780 1307 1915 1173 1687 1763 1511 1036 1796 1298 1563 1720 1257 1869 1828 1692 1286 1626 1310 1659 1089 1526 1859 1009 1673 1840 1969 1503 1431 1119 1116 1866 1810 1604 1292 1115 1684 1983 1203 1197 1300 1112 1596 1495 1988 1286 1424 1505 1644 1352 1371 1318 1108 1597 1293 1188 1831 1863 1916 1453 BCNSPRNW ULIB Ver.6.0+V

เปลี่ยนเป็นภาษาไทย

Change to English
 แสดงรายละเอียดบรรณานุกรม
  กลับหน้าหลัก

Brief Record : Get Marc (ISO 2709) : E-mail record : QR code < ปิดหน้าต่าง
LEADER : 00000nam 2200000uu 4500
001    13399124460
003     ULIB
008    150724s2557||||th 000 0 tha d
020    ^a9786162795053
060 04 ^aQT100^bค12ส ล.1
110 1  ^aมหาวิทยาลัยมหิดล.^bคณะแพทย์ศาสตร์ศิริราชพยาบาล .^bคณาจารย์ภาควิชาสรีรวิทยา
245 10 ^aสรีรวิทยา 1 /^cคณาจารย์ภาควิชาสรีรวิทยา คณะแพทย์ศาสตร์ศิริราชพยาบาล มหาวิทยาลัยมหิดล.
250    ^aพิมพ์ครั้งที่ 6
260    ^aนนทบุรี :^bคณะแพทย์ศาสตร์ศิริราชพยาบาล มหาวิทยาลัยมหิดล.^c2557
300    ^a309หน้า :^bภาพประกอบ ;^c26 ซม.
500    ^aSend to Single Search
650  2 ^aPhysiology
650  4 ^aสรีรวิทยา
700 0  ^aวัฒนา วัฒนาภา,^eบรรณาธิการ
700 0  ^aสุพัตรา โล่ห์สิริวัฒน์,^eบรรณาธิการ
700 0  ^aสุพรพิมพ์ เจียสกุล,^eบรรณาธิการ
945    ^p280^l0^i039708
945    ^p280^l0^i039709
999    ^aเกษร โพธิ์สุวรรณ
รายการนี้ยังไม่มีแท็ก
คุณยังไม่ได้ล็อกอิน คุณสามารถมีกิจกรรมร่วมกับเว็บไซต์ได้ แต่ต้องล็อกอินก่อน ::
  ล็อกอิน

รายการสื่อสารสนเทศ

ลำดับที่ ประเภท เลขเรียก/บาร์โค้ด สถานที่ สถานะ
1. วิทยาศาสตร์การแพทย์ และสุขภาพ
วิทยาศาสตร์การแพทย์ และสุขภาพ
สถานะ=หนังสือเก่า
QT100 ค12ส ล.1 ฉ.1 
  Barcode: 039708
ห้องสมุดวิทยาเขตสวรรค์ประชารักษ์
►ส่วนจัดเก็บหนังสือเก่า สปร
บนชั้น
  ขอยืม
2. วิทยาศาสตร์การแพทย์ และสุขภาพ
วิทยาศาสตร์การแพทย์ และสุขภาพ
QT100 ค12ส ล.1 ฉ.2 
  Barcode: 039709
ห้องสมุดวิทยาเขตสวรรค์ประชารักษ์
►หนังสือทั่วไป
บนชั้น

รายการใกล้เคียง
    หัวเรื่อง [Physiology]
    หัวเรื่อง [สรีรวิทยา]

BibComment


ยังไม่เคยถูกคอมเมนท์

คอมเมนท์ทรัพยากรรายการนี้
  คอมเมนท์: สรีรวิทยา 1 คณา..


 Copyright 2026. Bcnsprnw @Library